| 000 | 00889cam a2200145ua 4500 | ||
|---|---|---|---|
| 041 |
_aeng _h |
||
| 082 |
_a621.646 _bIND/SP |
||
| 110 | 1 |
_aIndian Standards Institution . _bISI _c() |
|
| 245 | 0 | 0 | _aSpecification for self closing taps for water supply purposes,IS:1711-1984 |
| 260 |
_aNew Delhi : _bIndian Standards Institution , _c1986. |
||
| 300 | _a10 ; . | ||
| 504 | _a | ||
| 942 | _cBK | ||
| 999 |
_c9956 _d9956 |
||